Online katalóg knižníc regiónu Turca

Najkrajšie príbehy (Record no. 22515)

MARC details
000 -LEADER
fixed length control field 01231cam a2200373 a 4500
001 - CONTROL NUMBER
control field 22515
003 - CONTROL NUMBER IDENTIFIER
control field SK-KTurca
005 - DATE AND TIME OF LATEST TRANSACTION
control field 20260331142331.0
008 - FIXED-LENGTH DATA ELEMENTS--GENERAL INFORMATION
fixed length control field 240702s1997 xo gr 000 j slo
015 ## - NATIONAL BIBLIOGRAPHY NUMBER
National bibliography number SNBA1998/03-00991
020 ## - INTERNATIONAL STANDARD BOOK NUMBER
International Standard Book Number 8071184950
035 ## - SYSTEM CONTROL NUMBER
System control number SNK000265608
035 ## - SYSTEM CONTROL NUMBER
System control number urn:nbn:sk:snk-amkh10
035 ## - SYSTEM CONTROL NUMBER
System control number urn:nbn:sk:snk-am002yri
035 ## - SYSTEM CONTROL NUMBER
System control number 94C561DE-2938-40B9-9277-4EF834A0DAC6
040 ## - CATALOGING SOURCE
Original cataloging agency SNK
Language of cataloging slo
Transcribing agency SNK
Description conventions AACR2
041 0# - LANGUAGE CODE
Language code of text/sound track or separate title slo
044 ## - COUNTRY OF PUBLISHING/PRODUCING ENTITY CODE
MARC country code xo
ISO country code SK
072 #7 - SUBJECT CATEGORY CODE
Subject category code 821.162.4-3
Subject category code subdivision Slovenská próza
Source konspekt
080 ## - UNIVERSAL DECIMAL CLASSIFICATION NUMBER
Universal Decimal Classification number 885.4-3
Edition identifier 1981
080 ## - UNIVERSAL DECIMAL CLASSIFICATION NUMBER
Universal Decimal Classification number 821.162.4-32
Edition identifier 2011
080 ## - UNIVERSAL DECIMAL CLASSIFICATION NUMBER
Universal Decimal Classification number 821-322.5
Edition identifier 2001
245 00 - TITLE STATEMENT
Title Najkrajšie príbehy
Statement of responsibility, etc. [autori príbehov: M. Bujnová ... [et al.] ; z príbehov uverejnených v mesačníku Ženský magazín zostavil a redigoval Andrej Fabík]]
260 ## - PUBLICATION, DISTRIBUTION, ETC.
Place of publication, distribution, etc. Bratislava
Name of publisher, distributor, etc. Ikar
Date of publication, distribution, etc. 1997
300 ## - PHYSICAL DESCRIPTION
Extent 184 s.
Dimensions 21 cm
500 ## - GENERAL NOTE
General note Údaj o aut. a zost. prevzatý z rubu tit. strany
655 #7 - INDEX TERM--GENRE/FORM
Genre/form data or focus term slovenské príbehy
Source of term SNKPH
655 #7 - INDEX TERM--GENRE/FORM
Genre/form data or focus term ľúbostné príbehy
Source of term SNKPH
700 1# - ADDED ENTRY--PERSONAL NAME
Personal name Bujnová, M.
Relationship aut
700 1# - ADDED ENTRY--PERSONAL NAME
Personal name Fabík, Andrej
Relationship com
-- oth
942 ## - ADDED ENTRY ELEMENTS (KOHA)
Source of classification or shelving scheme Dewey Decimal Classification
Koha item type Krásna literatúra pre dospelých
Suppress in OPAC No
Holdings
Stav vyradenia Strata Poškodenie Spôsob nadobudnutia Domovská knižnica Aktuálna knižnica Dátum nadobudnutia Total checkouts Čiarový kód exemplára Date last seen Typ exemplára
      Dar Obecná knižnica Turčianska Štiavnička Obecná knižnica Turčianska Štiavnička 31.03.2026   4738000806 31.03.2026 Krásna literatúra pre dospelých
Projekt je podporený Slovenskou asociáciou knižníc
Prevádzkuje Turčianska knižnica Martin 2026